Statistics for Biggest Cities in England under William the Conqueror - 1086

Click here to take the quiz!

General Stats

  • This quiz has been taken 145 times
    (131 since last reset)
  • The average score is 19 of 40

Answer Stats

PopulationCountyCity% Correct
17,850Midelsexe
(Middlesex)
Lunden
(London)
100%
4,134Eurvicscire
(Yorkshire)
Eurvic
(York)
92%
2,310Glowecestscire
(Gloucestershire)
Bristou
(Bristol)
86%
1,960Grentebrscire
(Cambridgeshire)
Grentebrige
(Cambridge)
86%
1,431Oxenefordscire
(Oxfordshire)
Oxeneford
(Oxford)
86%
4,445Norfulc
(Norfolk)
Norwic
(Norwich)
85%
3,560Lincolescire
(Lincolnshire)
Lincolia
(Lincoln)
80%
2,146Glowecestscire
(Gloucestershire)
Glowecestre
(Gloucester)
77%
1,278Ledecestrescire
(Leicestershire)
Ledecestre
(Leicester)
77%
1,960Cestrescire
(Cheshire)
Cestre
(Chester)
76%
1,610Chenth
(Kent)
Cantwaraburh
(Canterbury)
71%
6,000Hantescire
(Hampshire)
Wincestre
(Winchester)
71%
1,155Sumersete
(Somerset)
Bade
(Bath)
70%
1,032Northantscire
(Northamptonshire)
Northantone
(Northampton)
70%
1,568Chenth
(Kent)
Dovere
(Dover)
66%
1,122Sudfulc
(Suffolk)
Gipeswic
(Ipswich)
65%
1,689Herefordscire
(Herefordshire)
Hereford
65%
1,284Warwicscire
(Warwickshire)
Warwic
(Warwick)
59%
1,438Devenescire
(Devon)
Execestre
(Exeter)
58%
1,740Sudsexe
(Sussex)
Haestingas
(Hastings)
51%
1,452Exsessa
(Essex)
Colecestre
(Colchester)
48%
1,316Huntedunscire
(Huntingdonshire)
Huntedone
(Huntingdon)
44%
1,050Sudsexe
(Sussex)
Cicestre
(Chichester)
36%
3,000Sudfulc
(Suffolk)
Villa Sancti Eadmundi
(Bury St Edmunds)
33%
1,676Sumersete
(Somerset)
Tantone
(Taunton)
29%
1,383Chenth
(Kent)
Fulchestan
(Folkestone)
23%
1,446Wiltescire
(Wiltshire)
Wiltun
(Wilton)
22%
1,484Sudsexe
(Sussex)
Lewes
21%
2,681Norfulc
(Norfolk)
Tetfod
(Thetford)
20%
1,696Sudfulc
(Suffolk)
Dunewic
(Dunwich)
17%
1,452Chenth
(Kent)
Sandwic
(Sandwich)
17%
1,376Chenth
(Kent)
Middeltune
(Milton Regis)
14%
1,424Lincolescire
(Lincolnshire)
Stanford
(Stamford)
14%
1,687Chenth
(Kent)
Hyþ
(Hythe)
12%
1,062Dorsete
(Dorset)
Sceptesberie
(Shaftesbury)
11%
1,306Sudsexe
(Sussex)
Staninges
(Steyning)
11%
1,718Berrochescire
(Berkshire)
Walingeford
(Wallingford)
10%
1,086Sudsexe
(Sussex)
Mellinges
(South Malling)
7%
1,071Chenth
(Kent)
Alþintone
(Aldington)
6%
1,316Norfulc
(Norfolk)
Wimundham
(Wymondham)
6%

Score Distribution

Percentile by Number Answered

Percent of People with Each Score

Your Score History

You have not taken this quiz since the last reset